[Event "Regionalliga NO 0405"]
[Site "Bayern"]
[Date "2004.11.28"]
[Round "3.5"]
[White "Svoboda, Milan"]
[Black "Weigel, Herbert"]
[Result "1/2-1/2"]
[WhiteElo "1981"]
[BlackElo "1948"]
[PlyCount "103"]
[EventDate "2004.10.24"]
[EventType "team-tourn"]
[EventRounds "9"]
[EventCountry "GER"]
[SourceTitle "EXT 2007"]
[Source "ChessBase"]
[SourceDate "2006.11.23"]
[SourceVersion "1"]
[SourceVersionDate "2006.11.23"]
[SourceQuality "1"]
[WhiteTeam "Weiden"]
[BlackTeam "Zirndorf II"]
[WhiteTeamCountry "GER"]
[BlackTeamCountry "GER"]

1. e4 c5 2. c3 d5 3. exd5 Qxd5 4. d4 Nf6 5. Nf3 Bg4 6. Be2 e6 7. 0-0 Nc6 8. h3 Bh5 9. Be3 cxd4 10. cxd4 Be7 11. Nc3 Qd7 12. Qb3 0-0 13. Rad1 Bxf3 14. Bxf3 Na5 15. Qc2 Rac8 16. Qd3 Nc4 17. Bc1 Rfd8 18. Rfe1 a6 19. Qe2 Re8 20. d5 exd5 21. Bxd5 Bb4 22. Be4 Qc7 23. Rd4 b5 24. Red1 Bc5 25. Nd5 Nxd5 26. Rxd5 Nb6 27. Rf5 g6 28. Bf4 Qe7 29. Re5 Qf6 30. Bb7 Qxf4 31. Rxe8+ Rxe8 32. Qxe8+ Kg7 33. Bf3 Nc4 34. Qe2 Ne5 35. Qe4 Nxf3+ 36. Qxf3 Qe5 37. Qd5 Qe2 38. Rf1 Be7 39. Qc6 a5 40. b3 Bf6 41. a3 Qd3 42. Qf3 Qd6 43. Qe2 Qd5 44. a4 bxa4 45. bxa4 h5 46. Rd1 Qb3 47. Qe1 h4 48. Ra1 Bxa1 49. Qxa1+ f6 50. Qd4 Qb1+ 51. Kh2 Qb8+ 52. Kg1 1/2-1/2

[Event "Regionalliga NO 0405"]
[Site "Bayern"]
[Date "2004.11.14"]
[Round "2.7"]
[White "Hoffmann, Ayar"]
[Black "Svoboda, Milan"]
[Result "1/2-1/2"]
[WhiteElo "1856"]
[BlackElo "1981"]
[PlyCount "54"]
[EventDate "2004.10.24"]
[EventType "team-tourn"]
[EventRounds "9"]
[EventCountry "GER"]
[SourceTitle "EXT 2007"]
[Source "ChessBase"]
[SourceDate "2006.11.23"]
[SourceVersion "1"]
[SourceVersionDate "2006.11.23"]
[SourceQuality "1"]
[WhiteTeam "Postbauer Heng"]
[BlackTeam "Weiden"]
[WhiteTeamCountry "GER"]
[BlackTeamCountry "GER"]

1. e4 c5 2. Nf3 Nc6 3. Nc3 d6 4. d4 cxd4 5. Nxd4 e5 6. Nde2 Nf6 7. g3 Be7 8. Bg2 0-0 9. 0-0 Ne8 10. f4 f5 11. fxe5 dxe5 12. Qxd8 Bxd8 13. Be3 Be6 14. Bc5 Be7 15. Bxe7 Nxe7 16. exf5 Rxf5 17. Rxf5 Bxf5 18. Bxb7 Rb8 19. Bd5+ Nxd5 20. Nxd5 Bxc2 21. b4 Nf6 22. Ne7+ Kf8 23. Nc6 Rb6 24. Nxa7 Rxb4 25. Nc3 Ne4 26. Rc1 Ba4 27. Nxa4 Rxa4 1/2-1/2

[Event "Regionalliga NO 9900"]
[Site "Bayern"]
[Date "2000.??.??"]
[Round "6.3"]
[White "Svoboda, Milan"]
[Black "Bartha, Sandor"]
[Result "0-1"]
[WhiteElo "2045"]
[BlackElo "2175"]
[PlyCount "74"]
[EventDate "1999.??.??"]
[EventType "team-tourn"]
[EventRounds "9"]
[EventCountry "GER"]
[SourceTitle "EXT 2020"]
[Source "ChessBase"]
[SourceDate "2019.10.17"]
[SourceVersion "1"]
[SourceVersionDate "2019.10.17"]
[SourceQuality "1"]
[WhiteTeam "Weiden"]
[BlackTeam "Koetzting"]
[WhiteTeamCountry "GER"]
[BlackTeamCountry "GER"]

1. e4 c5 2. c3 g6 3. d4 cxd4 4. cxd4 d5 5. e5 f6 6. Nf3 Nc6 7. Nc3 Bg7 8. Bb5 a6 9. Ba4 Bg4 10. exf6 Nxf6 11. Bxc6+ bxc6 12. h3 Bxf3 13. Qxf3 0-0 14. Qd3 Nd7 15. 0-0 e5 16. dxe5 Nxe5 17. Qg3 Qb6 18. Rb1 Rf5 19. Na4 Qa7 20. b3 Nf7 21. Bb2 Bxb2 22. Rxb2 Rf8 23. Rc2 Ne5 24. Nc5 Qe7 25. Nd3 Nf3+ 26. gxf3 Rg5 27. Re1 Rxg3+ 28. fxg3 Qf6 29. Ne5 Qf5 30. Rxc6 Qxh3 31. Rc2 Qxg3+ 32. Kf1 Re8 33. Rce2 d4 34. Rg2 Qh3 35. Kf2 Qf5 36. Ng4 Qc2+ 37. Kg3 Qxg2+ 0-1

[Event "Regionalliga NO 9900"]
[Site "Bayern"]
[Date "1999.??.??"]
[Round "1.3"]
[White "Zollstab, Juergen"]
[Black "Svoboda, Milan"]
[Result "1/2-1/2"]
[WhiteElo "2055"]
[BlackElo "2045"]
[PlyCount "151"]
[EventDate "1999.??.??"]
[EventType "team-tourn"]
[EventRounds "9"]
[EventCountry "GER"]
[SourceTitle "EXT 2020"]
[Source "ChessBase"]
[SourceDate "2019.10.17"]
[SourceVersion "1"]
[SourceVersionDate "2019.10.17"]
[SourceQuality "1"]
[WhiteTeam "Gunzenhausen"]
[BlackTeam "Weiden"]
[WhiteTeamCountry "GER"]
[BlackTeamCountry "GER"]

1. d4 Nf6 2. c3 g6 3. Bg5 d5 4. e3 Bg7 5. Nd2 0-0 6. Bd3 Nbd7 7. f4 c5 8. Ngf3 Qb6 9. Rb1 Ng4 10. Qe2 f6 11. Bh4 e5 12. h3 Nh6 13. Bc2 Re8 14. fxe5 fxe5 15. dxc5 Qxc5 16. Nb3 Qb6 17. 0-0 e4 18. Nfd4 Ne5 19. Nd2 Nf5 20. Bf2 Kh8 21. Bb3 Rd8 22. g4 Nxd4 23. exd4 Nc6 24. Bh4 Rd6 25. Bg3 Rd8 26. Rf2 Na5 27. Kg2 Be6 28. Rbf1 Rf8 29. Rxf8+ Rxf8 30. Rxf8+ Bxf8 31. Be5+ Bg7 32. Bxg7+ Kxg7 33. Qe3 Qd6 34. Bc2 b5 35. b4 Nc6 36. a4 a6 37. axb5 axb5 38. Bb3 Ne7 39. Qg3 Qxg3+ 40. Kxg3 Kf6 41. Nb1 g5 42. Na3 Bd7 43. Bd1 Nc8 44. Nc2 Ne7 45. Be2 Nc8 46. h4 Nd6 47. Ne3 Be6 48. hxg5+ Kxg5 49. Nd1 Bd7 50. Nf2 Nc8 51. Nh3+ Kf6 52. g5+ Kg6 53. Bg4 Bxg4 54. Kxg4 Ne7 55. Nf4+ Kf7 56. Ng2 Ke6 57. Ne3 Kf7 58. Nc2 Nc8 59. Kf5 Ke7 60. Ke5 Nb6 61. Ne1 Kf7 62. Kd6 Kg6 63. Kc6 Na4 64. Kxd5 Nxc3+ 65. Ke5 Kxg5 66. d5 Nxd5 67. Kxd5 Kf4 68. Kc5 h5 69. Kxb5 h4 70. Ng2+ Kg3 71. Nxh4 Kxh4 72. Kc4 Kg3 73. b5 e3 74. b6 e2 75. b7 e1Q 76. b8Q+ 1/2-1/2